It started as a seed/ (Record no. 7486)
[ view plain ]
| 000 -LEADER | |
|---|---|
| fixed length control field | 00988nam a22003017a 4500 |
| 001 - CONTROL NUMBER | |
| control field | 7486 |
| 003 - CONTROL NUMBER IDENTIFIER | |
| control field | FISKH |
| 005 - DATE AND TIME OF LATEST TRANSACTION | |
| control field | 20250815121222.0 |
| 008 - FIXED-LENGTH DATA ELEMENTS--GENERAL INFORMATION | |
| fixed length control field | 250721b cb ||||| |||| 00| 0 eng d |
| 020 ## - INTERNATIONAL STANDARD BOOK NUMBER | |
| International Standard Book Number | 030554041471 |
| 040 ## - CATALOGING SOURCE | |
| Original cataloging agency | FISKH |
| Language of cataloging | eng |
| Transcribing agency | FISKH |
| Modifying agency | FISKH |
| 050 ## - LIBRARY OF CONGRESS CALL NUMBER | |
| Classification number | PE1127.S3 L434 |
| 082 ## - DEWEY DECIMAL CLASSIFICATION NUMBER | |
| Classification number | 577 |
| 100 ## - MAIN ENTRY--PERSONAL NAME | |
| Personal name | Kelley, Alden |
| 245 ## - TITLE STATEMENT | |
| Title | It started as a seed/ |
| Statement of responsibility, etc. | Written by Dr. Alden Kelley : Illustrated by Adjoa Burrowes |
| 260 ## - PUBLICATION, DISTRIBUTION, ETC. | |
| Place of publication, distribution, etc. | Cypress : |
| Name of publisher, distributor, etc. | Creative Teaching Press , |
| Date of publication, distribution, etc. | 1997. |
| 300 ## - PHYSICAL DESCRIPTION | |
| Extent | 16 pages : |
| Other physical details | color illustrations ; |
| Dimensions | 16 x 23 cm. |
| 490 ## - SERIES STATEMENT | |
| Series statement | Learn to read Learn Read to learn |
| Volume/sequential designation | Science Series |
| 505 ## - FORMATTED CONTENTS NOTE | |
| Formatted contents note | D <br/> |
| 520 ## - SUMMARY, ETC. | |
| Summary, etc. | What grows from a seed? See how a little seed can produce many things.<br/> |
| 521 8# - TARGET AUDIENCE NOTE | |
| Target audience note | 160 <br/><br/> |
| Source | Lexile estimate <br/> |
| 521 8# - TARGET AUDIENCE NOTE | |
| Target audience note | D <br/> |
| Source | Raz-Plus <br/> |
| 650 ## - SUBJECT ADDED ENTRY--TOPICAL TERM | |
| Topical term or geographic name entry element | Gardening |
| Form subdivision | Non-fiction |
| 650 ## - SUBJECT ADDED ENTRY--TOPICAL TERM | |
| Topical term or geographic name entry element | Plants and seeds |
| Form subdivision | Non-fiction |
| 700 ## - ADDED ENTRY--PERSONAL NAME | |
| Personal name | Burrowes, Asjoa |
| Relator term | Illustrator |
| 942 ## - ADDED ENTRY ELEMENTS (KOHA) | |
| Source of classification or shelving scheme | Dewey Decimal Classification |
| Koha item type | Books |
| Suppress in OPAC | No |
| Withdrawn status | Lost status | Source of classification or shelving scheme | Damaged status | Not for loan | Collection | Home library | Current library | Shelving location | Date acquired | Total Checkouts | Full call number | Barcode | Date due | Date last seen | Date last checked out | Price effective from | Koha item type | Copy number |
|---|---|---|---|---|---|---|---|---|---|---|---|---|---|---|---|---|---|---|
| Library of Congress Classification | Non-Fiction | Footprints International School Library Network Toul Tom Poung Campus | Footprints International School Library Network Toul Tom Poung Campus | TTP Primary Green Bookshelves | 07/21/2025 | 1 | KEL 577 PE1127.S3 L434 | FISTK01875 | 08/28/2025 | 08/14/2025 | 08/14/2025 | 07/21/2025 | Books | |||||
| Library of Congress Classification | Non-Fiction | Footprints International School Library Network Toul Tom Poung Campus | Footprints International School Library Network Toul Tom Poung Campus | TTP Primary Green Bookshelves | 08/15/2025 | 1 | KEL 577 PE1127.S3 L434 | FISTK02829 | 03/05/2026 | 02/26/2026 | 08/15/2025 | Books | 2 |
